000 02624nam a22004577a 4500
001 000095339
003 CHAP
005 20260415133250.0
008 060303d2005 mx r 00110 spa d
010 _a91805
011 _a92777
035 _a103343
040 _cCHAP
090 _aTesis
100 1 _aSánchez Carrasco, María Joaquina.
245 1 3 _aEl consumo insustentable y su impacto ambiental a través de la basura :
_bcaso Chiconcuac /
_cpor María Joaquina Sánchez Carrasco; director Guillermo Torres Carral.
264 1 _aChapingo, Méx. :
_bEl autor,
_c2005.
300 _a182 h. :
_bgráfs.; cuadros.
502 _bMaestro en Ciencias en Sociología Rural.
_cDepartamento de Sociología Rural.
_d2005.
520 _aHoy en día se vive una difícil situación ambiental y social puesto que se han utilizado indiscriminadamente los recursos naturales y a la vez se ha presenciado la desvalorización de culturas. Particularmente, en México, es preocupante la gran cantidad de residuos sólidos que se producen. En esta investigación se presentan los resultados de un estudio de caso que se realizó en el municipio de Chiconcuac sobre el ciclo de la basura, analizando los discursos y conductas de los actores sociales que están relacionados con el mismo, desde una visión del consumo sustentable. Específicamente, se realizaron dos encuestas, dirigidas a comerciantes y población local, que son dos sectores que tienen que ver con la producción de la basura, con el fin de determinar sus actitudes y su relación con la basura. También se discute la postura y acciones de autoridades locales en la aplicación del desarrollo sustentable, en el manejo de la basura dentro del municipio.
590 _aALEPH
_b10
_c20130110
590 _aBATCH-UPD
_b10
_c20130110
590 _aBATCH-UPD
_b10
_c20130410
590 _aBATCH-UPD
_b10
_c20130914
590 _aBATCH-UPD
_b10
_c20140324
590 _aBATCH-UPD
_b10
_c20141002
590 _aCONVERSION
_b10
_c20130109
590 _aE12093SGE
_b10
_c20130605
590 _aE12093SGE
_b10
_c20130709
650 1 4 _aBasura.
650 1 4 _aDesarrollo sustentable
_zMéxico (Edo.).
650 1 4 _aMedio ambiente
_xContaminación.
700 1 _aTorres Carral, Guillermo
_edirector.
856 _uhttp://10.13.5.2/tesis/103343.pdf
_yDESCARGAR PDF
901 _aBK
905 _aAlejandra Carrasco M.
942 _cTesis
_2Clasificación Universidad Autónoma Chapingo
942 _n0
949 _aTesis
_bBC
_cTES
_d33724000999868
_eTS2
_fc.2
_gDonaciØn
_h44200
_i103343
_sb
949 _aTesis
_bBC
_cTES
_d33724002019181
_eTS1
_gDonaciØn
_h44199
_i103343
_sb
999 _c91805
_d91805